000 00677nam a2200241Ia 4500
003 OSt
005 20221007064953.0
006 a|||||r|||| 00| 0
007 ta
008 221006b |||||||| |||| 00| 0 eng d
024 _a15,320
037 _cReports / Technical Reports
040 _aFLL
_cFLL
_beng
041 _2eng
_aeng
082 _aX:99C.2qN73t, L5
110 _aGovt. of India
245 0 _aPlantations labour (amendment)bill,1973
260 _aDelhi
_bRajya Sabha Secretariat India
_c1975
300 _a96p
_ccm.
700 _aGovt. of India
942 _hX:99C.2qN73t, L5
_cREP
_2CC
999 _c1135914
_d1135914